000 01336nab a22002417a 4500
999 _c5927
_d5927
003 OSt
005 20260227111611.0
008 190605e xxu||||| |||| 00| 0 spa d
040 _cPJ
100 _96783
_aVargas Gómez, Marcela F.
245 1 0 _aLetrados patrocinantes y Secretarios Técnicos Letrados: las dos caras del debido proceso en los trámites ante Comisiones Médicas /
_cMarcela F. Vargas Gómez.
260 _aCiudad Autónoma de Buenos Aires :
_bThomson Reuters La Ley,
_c2024.
300 _ap. 215-219
500 _aCita: TR LALEY AR/DOC/3001/2023.
505 _aSumario: I. A modo de introducción.— II. Actuación del letrado patrocinante. Importancia de su incorporación.— III. Secretarios Técnicos Letrados. Intervención en todos los trámites.— IV. Conclusiones.
505 _aFallo comentado: ST Río Negro ~ 05/09/2023 ~ Fridevi S.A.F.I.C. c. Payalef, Hugo Lautaro s/ exclusión de tutela sindical - Queja.
505 _t¿Te interesa el texto completo? Solicitalo al correo: koha@justierradelfuego.gov.ar
650 0 _91316
_aDERECHO LABORAL
650 0 _91430
_aRIESGOS DEL TRABAJO
650 0 _94942
_aCOMISIONES MÉDICAS
773 0 _02711
_93168
_dCiudad Autónoma de Buenos Aires : Thomson Reuters La Ley, 1999-2002.
_tRevista de derecho del trabajo. Nº 1 - Enero 2024
942 _2udc
_cANA